| 000 | 00934cam a22002411 4500 | ||
|---|---|---|---|
| 001 | e 52000047 | ||
| 003 | DLC | ||
| 005 | 20260227111234.0 | ||
| 008 | 800314s1952 dcu 000 0 eng | ||
| 010 | _ae 52000047 | ||
| 035 | _a(OCoLC)6083944 | ||
| 040 |
_aDLC _cMsU _dDLC |
||
| 042 | _apremarc | ||
| 050 | 0 | 0 |
_aL111 _b.A6 1952, no. 19 |
| 082 | _a371.3338807 | ||
| 100 | 1 |
_aJewett, Arno Joseph, _d1907- |
|
| 245 | 1 | 0 | _aRecordings for teaching literature and language in the high school, including a bibliography of 500 titles. |
| 260 |
_a[Washington] _bFederal Security Agency, Office of Education _c[1952] |
||
| 300 |
_aiv, 71 p. _c23 cm. |
||
| 410 | 2 | 0 |
_aU.S. Office of Education. _tBulletin, _v1952, no. 19 |
| 501 |
_aWith: Schools at work in 48 States / United States. Office of Education. Washington : Govt. Print. Off., 1952. Bound together subsequent to publication. _5DLC |
||
| 650 | 0 |
_aEnglish literature _vDiscography. |
|
| 999 |
_c22182 _d22182 |
||